000 00679nam a2200241Ia 4500
003 OSt
005 20220924122033.0
006 a|||||r|||| 00| 0
007 ta
008 220923b |||||||| |||| 00| 0 urd d
020 _c15.00
024 _a306604
037 _cTextual
040 _aARTS
_cARTS
_burd
041 _2urd
_aurd
082 _aO168,1M76:g, L7
100 _aRizvi Jamal Ahmed
_9188025
245 0 _aPunjab University aur iqba l
_bTehqiqi maqalat ka kitabiyati jaiza
260 _aLahor
_bAziz Publisher
_c1977
650 _aURDU POETRY
942 _hO168,1M76:g, L7
_cTEXL
_2CC
999 _c409943
_d409943